000 00704cam a22002291 4500
001 sa 68019803
003 DLC
005 20260227112720.0
008 740911s1966 xx 000 0 ind
010 _asa 68019803
035 _a(OCoLC)1004296
040 _aDLC
_cOAU
_dOCoLC
_dDLC
042 _apremarc
050 0 0 _aBP183.3
_b.M35
100 1 _aMangkusasmito, Prawoto.
245 1 0 _aSjukur ni'mah;
_btasjakkur di Mesdjid Agung. Pidato -pidato 14 Agustus 1966:
_cPrawoto Mangkusasmito [dan] M. Natsir.
260 _aDjakarta,
_bBulan Bintang,
_c1966.
300 _a32 p.
_bports.
_c20 cm.
650 0 _aIslam
_vPrayers and devotions.
650 0 _aGratitude.
700 1 _aNatsir, M.,
_d1908-1993.
999 _c89084
_d89084